Responses for Show #8515 - Friday, November 19, 2021

Amy Schneider game 3.

Contestants

[<< previous game]

Chi-Nhan Vo, a Catholic seminarian from Portland, Oregon

Gordon Spates, a poster librarian from Los Angeles, California

Amy Schneider, an engineering manager from Oakland, California (whose 2-day cash winnings total $65,400)

[next game >>]

Jeopardy! Round responses

WORLD LEADERS LEAVE THE SCENE
ESSAYS
SPEAKING TRUTH TO POWER COMPANIES
ALSO IN YOUR BATHROOM
THE AMERICAN MUSIC AWARDS
(Ken: Airing this Sunday.)
INTO THE J*E*T STREAM
(Ken: The letters J, E, and T will all show up in that order in all the correct responses.)
    $200 20
(Angela) Merkel

Amy
    $200 30
Hawking

Gordon
    $200 29
Edison

Amy
    $200 28
soap

Amy
    $200 1
(Ken: That's [**], yes.)

Justin Bieber (Biebs)

Chi-Nhan
    $200 6
inject

Amy
    $400 16
Franco

Amy
    $400 14
The White Album

Amy
    $400 26
bury them

Amy
    $400 27
(Chi-Nhan: What is flush?)

sink

AmyChi-Nhan
    $400 2
Shawn Mendes

Chi-Nhan
    $400 7
(Ken: I'm glad you got that right.)

the Jesuits

Chi-Nhan
    $600 17
Netanyahu

Chi-Nhan
    $600 15
Ebert

Chi-Nhan
    $3,000 23
(Ken: It's the Sunshine State.)

solar

Amy
    $600 12
tissue

Amy
    $600 3
Cardi B

Chi-Nhan
    $600 8
judgmental

Gordon
    $800 18
Romania

Chi-Nhan
    $800 21
Sedaris

Amy
    $800 24
Texas

Amy
    $800 11
scale

Amy
    $800 4
Shania Twain

Gordon
    $800 9
adjournment

Amy
    $1000 19
(Chi-Nhan: Who is Godaf--[*]?)

Gaddafi

Chi-Nhan
    $1000 22
Zora Neale Hurston

Amy
    $1000 25
the TVA (Tennessee Valley Authority)

Amy
    $1000 13
the Floss

Amy
    $1000 5
(Ken: No more music to dance to, I'm sorry, Chi-Nhan.)

Dan + Shay

Triple Stumper
    $1000 10
rejuvenate

Chi-Nhan

Scores at the first commercial break (after clue 15):

Amy Gordon Chi-Nhan
$3,800 $1,400 $3,200

Scores at the end of the Jeopardy! Round:

Amy Gordon Chi-Nhan
$12,200 $1,600 $5,200

Double Jeopardy! Round responses

19th CENTURY STUFF
STATE CAPITALS BY COUNTY
DOWN THE RABBIT HOLE
BARRIERS IN LIFE
YOU MAKE ME FEEL
LIKE A NATURALIZED WOMAN
    $400 16
a telegraph

Chi-Nhan
    $400 6
Tallahassee

Amy
    $400 1
a cottontail

Gordon
    $400 11
light

Amy
    $400 21
children

Gordon
    $400 26
Hadid

Chi-Nhan
    $800 17
Pikes Peak

Amy
    $800 7
Phoenix

Amy
    $800 2
hares

Amy
    $800 12
the glass ceiling

Chi-Nhan
    $800 22
to harsh

Chi-Nhan
    $800 27
Alanis Morissette

Gordon
    $1200 18
(Chi-Nhan: What are grave diggers?)
...
(Ken: Kind of the unofficial version of a grave digger, I guess.)

grave robbers

GordonChi-Nhan
    $1200 8
(Chi-Nhan: What is... Providence?)

Dover, (Delaware)

AmyChi-Nhan
    $1200 3
(Chi-Nhan: What are stags?)

bucks

AmyChi-Nhan
    $1200 13
carp

Amy
    $1200 23
(Ken: I saw the light bulb go on.)

hearten

Amy
    $1200 28
(Chi-Nhan: What's Bulgaria?)
(Gordon: What is Venezuela?)

Colombia

GordonChi-Nhan
Triple Stumper
    $1600 19
Carnegie Hall

Chi-Nhan
    $1600 9
(Amy: What is Richmond?)

Concord, New Hampshire

Amy
Triple Stumper
    $1600 4
Australia

Amy
    $2,000 14
(Ken: Caesar crossing [*].)

the Rubicon

Amy
    $1600 24
aggravate

Amy
    $1600 29
Kim Cattrall

Gordon
    $4,400 20
(Ken: Chi-Nhan?)
(Chi-Nhan: What's the Getty?)

the Victoria and Albert Museum (the V & A)

Chi-Nhan
    $2000 10
Austin, (Texas)

Gordon
    $2000 5
Warren

Amy
    $2000 15
New Jersey

Amy
    $2000 25
(Chi-Nhan: What is to... invoke?)

provoke

AmyChi-Nhan
    $2000 30
(Gordon: Who is...)
...
(Ken: Chi-Nhan, I'm sorry to say, you won't be joining us for Final Jeopardy!... it was lovely to have you here, best of luck with the priesthood.)

Charlize Theron

Gordon
Triple Stumper

Scores at the end of the Double Jeopardy! Round:

Amy Gordon Chi-Nhan
$29,800 $4,800 -$2,000
(lock game)

[wagering suggestions for these scores]

Final Jeopardy! Round responses

20th CENTURY AMERICAN AUTHORS
(Ken: [To Gordon] Characters of Dill and Scout in To Kill a Mockingbird based on these two friends.)
GordonWho are Harper Lee & Truman Capote?
$4,000
AmyWho are Lee and Capote Capote?
$15,000
(Harper) Lee & (Truman) Capote

Final scores:

Amy Gordon Chi-Nhan
$44,800 $8,800 -$2,000
3-day champion: $110,200 2nd place: $2,000 3rd place: $1,000

Game dynamics:

Coryat scores:

Amy Gordon Chi-Nhan
$27,000 $4,800 $2,400
32 R
(including 2 DDs),
1 W
9 R,
2 W
14 R,
7 W
(including 1 DD)

Combined Coryat: $34,200

[game clues] [game scores] [suggest correction]

Game tape date: 2021-09-28
The J! Archive is created by fans, for fans. Scraping, republication, monetization, and malicious use prohibited; this site may use cookies and collect identifying information. See terms. The Jeopardy! game show and all elements thereof, including but not limited to copyright and trademark thereto, are the property of Jeopardy Productions, Inc. and are protected under law. This website is not affiliated with, sponsored by, or operated by Jeopardy Productions, Inc. Join the discussion at JBoard.tv.